| 000 | 00965nam a2200193Ia 4500 | ||
|---|---|---|---|
| 003 | GCL | ||
| 008 | 140319s9999 xx 000 0 ara d | ||
| 040 |
_aGCL / _cGCL |
||
| 082 | 0 | 4 |
_a780.956 _bس ش |
| 100 | 1 | _aابن سينا: شرف الملك ابوعلى الحسين بن عبدالله الحسين على البخارى | |
| 245 | 1 | 0 |
_aشرح الموسيقى من كتابى ( الشفاء والنجاة ) : _bتراث الموسيقى العربى ( القرن الخامس هـ ) / _cابن سينا: شرف الملك ابوعلى الحسين بن عبدالله الحسين على البخارى |
| 260 |
_aالقاهرة : _bالمجلس الاعلى للثقافة ، _c2004 |
||
| 300 |
_a303 ص ؛ _c24 سم |
||
| 650 | 0 | 4 | _aالموسيقى العربية - تحليل |
| 650 | 0 | 4 | _aالموسيقى العربية - تعليم |
| 650 | 0 | 4 | _aالتاليف الموسيقى |
| 650 | 0 | 4 | _aالتوزيع الموسيقى |
| 942 |
_2ddc _cBK |
||
| 999 |
_c56872 _d56872 |
||